000
00313nam a2200145Ia 4500
100
_a
Sharp Corpation
650
_a
Electrical Engineering
942
_c
BK
654
_a
Sharp Service Manual
245
_a
Sharp Service Manual
260
_b
none
_a
Japan
082
_a
621.3
300
_a
73
546
_a
ENGLISH
999
_c
29791
_d
29791